Les départements français les plus dangereux - Statistiques

Statistiques générales
  • Ce quiz a été pris 127 fois
  • Le résultat moyen est 9 sur 15
Statistiques - réponses
Nombre de crimes et délits pour 1000 habitants Département % Correct
70,51 Seine-Saint-Denis
87%
110,48 Paris
83%
72,77 Bouches-du-Rhône
76%
63,04 Rhône
73%
51,85 Nord
71%
51,32 Val-de-Marne
68%
52,49 Val-d'Oise
65%
50,40 Gironde
61%
49,51 Var
54%
52,71 Alpes-Maritimes
53%
56,38 Hérault
52%
47,51 Isère
49%
50,99 Haute-Garonne
48%
47,98 Vaucluse
45%
51,14 Pyrénées-Orientales
36%
Aucun quiz correspondant
Distribution des résultats
% des personnes avec chaque résultat
Percentile par nombre de réponses
Votre historique - résultats
Vous n’avez pas pris ce quiz